[Event "BCF-chT2 9798 (4NCL)"]
[Site "England"]
[Date "1998.05.24"]
[Round "10.5"]
[White "Upton, Ian J"]
[Black "Rosen, Daniel B"]
[Result "0-1"]
[WhiteElo "2245"]
[BlackElo "2225"]
[PlyCount "66"]
[EventDate "1997.11.??"]
[EventType "team"]
[EventRounds "11"]
[EventCountry "ENG"]
[SourceTitle "EXT 1999"]
[Source "ChessBase"]
[SourceDate "1998.11.16"]
[SourceVersion "1"]
[SourceVersionDate "1998.11.16"]
[SourceQuality "1"]
[WhiteTeam "Wessex"]
[BlackTeam "Coulsdon"]
[WhiteTeamCountry "ENG"]
[BlackTeamCountry "ENG"]

1. d4 f5 2. Bg5 d5 3. e3 Be6 4. Nd2 Nd7 5. c4 c6 6. cxd5 Bxd5 7. f3 Qa5 8. Bd3 Bf7 9. Ne2 Ngf6 10. 0-0 g6 11. Nc4 Bxc4 12. Bxc4 Bg7 13. Qb3 0-0-0 14. Nf4 Nf8 15. Nd3 h6 16. Bh4 Qb6 17. Qxb6 axb6 18. Ne5 Rh7 19. Rfe1 g5 20. Bf2 Nd5 21. Rac1 e6 22. g4 Bxe5 23. dxe5 fxg4 24. fxg4 Nb4 25. Rc3 Rhd7 26. Rb3 Nd3 27. Bxd3 Rxd3 28. Rxb6 Nd7 29. Rb4 Nxe5 30. Re2 Rd1+ 31. Kg2 R8d2 32. Rxd2 Rxd2 33. Kg1 Rxf2 0-1

[Event "BCF-chT2 9798 (4NCL)"]
[Site "England"]
[Date "1998.03.21"]
[Round "7.3"]
[White "Punnett, Alan Kenneth"]
[Black "Upton, Ian J"]
[Result "1-0"]
[WhiteElo "2100"]
[BlackElo "2245"]
[PlyCount "93"]
[EventDate "1997.11.??"]
[EventType "team"]
[EventRounds "11"]
[EventCountry "ENG"]
[SourceTitle "EXT 1999"]
[Source "ChessBase"]
[SourceDate "1998.11.16"]
[SourceVersion "1"]
[SourceVersionDate "1998.11.16"]
[SourceQuality "1"]
[WhiteTeam "Guildford II"]
[BlackTeam "Wessex"]
[WhiteTeamCountry "ENG"]
[BlackTeamCountry "ENG"]

1. d4 f5 2. Bg5 g6 3. c4 Bg7 4. Nc3 Nf6 5. e3 d6 6. Bd3 e5 7. f3 0-0 8. Nge2 Qe8 9. dxe5 dxe5 10. e4 Na6 11. Nd5 c6 12. Nxf6+ Bxf6 13. Be3 Qe7 14. a3 Nc5 15. b4 Nxd3+ 16. Qxd3 Rd8 17. Qc2 Be6 18. 0-0 Qf7 19. Rac1 f4 20. Bf2 Rd7 21. b5 Rc7 22. Qa4 Qe8 23. Qb4 a6 24. Bb6 Rcc8 25. a4 Kg7 26. bxa6 Rxa6 27. a5 Kh6 28. Qd6 Qe7 29. Rfd1 Re8 30. Rc2 Qg7 31. Nc1 Raa8 32. Nd3 Bg8 33. Nf2 Be6 34. Rcd2 Qf7 35. Qc5 Kg7 36. Qb4 Rac8 37. Rc1 h5 38. Nd3 Rg8 39. Nc5 Ra8 40. Nxe6+ Qxe6 41. Bc5 Kh6 42. Qxb7 Rad8 43. Rxd8 Rxd8 44. a6 Bh4 45. a7 Qxc4 46. Bf8+ Kg5 47. Qe7# 1-0